00987nam a2200265 a 450000100100000000500170001000800410002704000250006808200190009310000280011224500900014026000500023030000280028050000220030853400630033065000340039365000370042765000320046465000270049670000420052391000070056504900090057295201230058199900170070400002296920200930021913.0101123s1973 mx a 001 0 spa d aDO-SdBNPbspacBNPHU a541.042bP615q1 aPierce, James B.94723310aQuímica de la materia /cJames B. Pierce ; traducción de Antonio Mijares Mijares. aMéxico :bHoughton Mifflin Company,cc1973. a818 p. :bil. ;c26 cm. aIncluye índice. pTítulo de la obra en inglés:tThe chemistry of matter. 4aSoluciones (química)947234 4aPropiedades de la materia947235 4aEstructura química947236 4aFisicoquímica9472371 aMijares Mijares, Antonio,etr.947238 aWM aBNGR 001054708MOaGRbGRcHDd2010-11-23iLF1l0o541.042 P615qp22969-10r2020-06-25w2020-06-25y4ZPréstamo en sala c22466d22466